Statistics for GUITAR BRAND NAMES BY MODEL

Click here to take the quiz!

General Stats

  • This quiz has been taken 102 times
  • The average score is 5 of 12

Answer Stats

HintAnswer% Correct
LESPAULGIBSON
90%
JAGUARFENDER
76%
DINKYJACKSON
62%
RG SERIESIBANEZ
60%
WARLOCKBC RICH
50%
KELLYJACKSON
43%
WAR BEASTBC RICH
38%
HELL RAISERSHECTER
22%
VENDETTADEAN
17%
JPXMUSIC MAN
11%
DAMIENSHECTER
8%
ICE MANBC RICH
4%

Score Distribution

Percentile by Number Answered

Percent of People with Each Score

Your Score History

You have not taken this quiz